[Event "RUS-chT 12th"]
[Site "Sochi"]
[Date "2005.04.23"]
[Round "5"]
[White "Popov, Valerij"]
[Black "Khenkin, Igor"]
[Result "0-1"]
[WhiteElo "2568"]
[BlackElo "2610"]
[Annotator "Huzman,A"]
[PlyCount "134"]
[EventDate "2005.04.19"]
[EventType "team-tourn"]
[EventRounds "11"]
[EventCountry "RUS"]
[SourceTitle "EXT 2020"]
[Source "ChessBase"]
[SourceDate "2019.10.17"]
[SourceVersion "1"]
[SourceVersionDate "2019.10.17"]
[SourceQuality "1"]
[WhiteTeam "Saransk TPS"]
[BlackTeam "Moscow Youth of"]
[WhiteTeamCountry "RUS"]
[BlackTeamCountry "RUS"]

1. e4 e5 2. Nf3 Nf6 3. Nxe5 d6 4. Nf3 Nxe4 5. Nc3 Nxc3 6. dxc3 Be7 7. Bf4 Nd7
8. Qd2 Nc5 9. O-O-O O-O 10. Bc4 Be6 (10... a5 11. Be3 Be6 12. Bxe6 Nxe6 13. h4
a4 14. Qd3 (14. a3 Qd7 15. Rhe1 Bf6 16. Ng5 Qb5 17. g3 Rfe8 18. f4 Qc4 19. Kb1
h6 20. Nf3 Nc5 21. Bxc5 Qxc5 22. g4 Qc6 23. Rf1 Qb5 24. g5 Re2 25. Qc1 hxg5 26.
hxg5 Bxc3 27. Rd3 $16 {1-0 Thomson,T-Marsden,J/ICCF EM/TT/A/01 1998/74
telechess (44)}) 14... a3 15. b3 Re8 16. Kb1 Bf6 17. g4 b6 18. g5 Be7 19. Bc1
Nc5 20. Qd5 $14 {1/2-1/2 Farley,R-Micklethwaite,M/corr BCCP F6 1995 (33)}) (
10... Rb8 11. h4 Bf6 12. Nd4 Bd7 13. f3 a5 14. g4 b5 15. Bd5 b4 16. c4 a4 17.
Kb1 Qc8 18. g5 Bxd4 19. Qxd4 b3 20. cxb3 Bf5+ 21. Ka1 Rxb3 {1-0 Kosintseva,
T-Levushkina,E/Dresden GER 2004/(38)} (21... Qa6 $1 $17)) 11. Bxe6 (11. Bd5
Bxd5 12. Qxd5 c6 13. Qd2 d5 $15 {0-1 Hammarberg,O-Olsson,A/Uppsala 1969/EXT
2001 (32)}) (11. Be2 Bxa2 12. c4 b5 13. cxb5 a6 14. b6 cxb6 15. Qe3 Rc8 $17 {
0-1 Le Kieu Thien Kim-Vo Hong Phuong/VIE-chW Dalat City 2004 (64)}) (11. Qe2
Bxc4 12. Qxc4 Ne6 13. Be3 a5 14. h4 a4 15. g4 a3 16. b3 Re8 17. g5 Ra5 18. Rhg1
Qd7 19. h5 Qc6 $11 {0-1 Barbieri,G-Cristiani,C/Verona 1997/CBM 56 ext (57)})
11... Nxe6 (11... fxe6 12. Rhe1 Qe8 13. Kb1 Qg6 14. Bg3 Rae8 15. Nd4 Bg5 16. f4
Bf6 17. Qe2 d5 18. f5 exf5 19. Qf3 Ne4 $17 {0-1 Nouro,M-Christensen,T/Aalborg
1991/EXT 2000 (54)}) 12. Be3 Qd7 13. h4 Qb5 (13... Qa4 14. Kb1 Rfe8 15. Qd3 Nc5
16. Bxc5 dxc5 17. Ng5 Bxg5 18. hxg5 Qe4 19. Qh3 Rad8 20. Rxd8 Rxd8 21. f3 Qg6
22. f4 $14 {1/2-1/2 Saint Amour,P-Aktunc,O/IECG 2003/Telechess CBM 99 (37)})
14. Ng5 (14. Kb1 Qc4 15. Ng5 Bf6 16. f3 b5 17. Ne4 Be5 18. Bd4 f5 19. Ng5 Bxd4
20. Nxe6 Qxe6 21. Qxd4 Rae8 22. a3 a6 23. Qa7 Qc4 24. Qxa6 Re2 25. Rd4 Qc5 26.
a4 Rb8 27. axb5 Rxg2 28. Re1 Qxb5 $11 {1-0 Kosintseva,T-Polovnikova,E/Kazan
RUS 2004/(40)}) 14... Bxg5 $5 {It is a very interesting decision.Black hope to
neutralise pressure of White on the file ''h'' by the help of Nf8.Their rooks
on the file''e'' will create counterplay.} (14... Rae8 $5) 15. hxg5 Rfe8 16.
Qd3 (16. Rh3 Nf8 17. Rdh1 Re6 $132 {[%cal Ya8e8]}) 16... Qxd3 17. cxd3 Rf8 $1 {
[%cal Yf7f6] Black use the chance to exchange pawn g5 so deciding problems of
defence of the king's side.} 18. Rh4 (18. d4 d5 (18... f6 19. gxf6 Rxf6 20. d5
Nf4 21. g3 Ng6 22. f4 $14) 19. Rh5 $1 g6 20. Rh6 f5 21. gxf6 Rxf6 22. Rdh1 Rf7
$11) 18... f6 19. gxf6 (19. Rdh1 Nxg5 20. Bxg5 fxg5 21. Rxh7 Rae8 $11) 19...
Rxf6 20. Rdh1 h6 $11 21. Ra4 a6 22. Rb4 b5 23. Rg4 Kf7 24. Kd2 Rg6 25. Rxg6
Kxg6 26. a4 Rf8 $1 {[%cal Yf8f5,Yf5b5]} 27. axb5 axb5 28. Ra1 h5 $1 29. Ra5 Rf5
30. Ra8 Kf6 31. Rh8 g6 32. Rh7 Ke5 33. d4+ $6 (33. b3 $5 d5 (33... Kd5 34. c4+
Kc6 35. Rh6 $36) 34. d4+ (34. Rh8 Rf8 $11) 34... Kd6 35. f3 $14) 33... Kd5 34.
b3 c5 35. dxc5 dxc5 36. Ra7 $6 (36. Rh6 Rf6 37. f3 Ng7 $11) 36... h4 $1 {
[%csl Rg2]} 37. Ra6 g5 38. Ra8 Nf4 39. Rd8+ (39. Bxf4 Rxf4 (39... gxf4 40. Rh8
f3 41. gxf3 Rxf3 42. Rh5+ Kc6 43. Rxh4 Rxf2+ $11) 40. f3 h3 41. gxh3 Rxf3 42.
Rg8 Rg3 43. Rd8+ Ke4 44. Re8+ $11) 39... Kc6 40. g3 $2 {Passed pawn h4 gives
Black good chances to win the game.} Rd5+ $1 $17 41. Rxd5 Nxd5 42. gxh4 gxh4
43. c4 $8 Ne7 44. cxb5+ $1 (44. Ke2 b4 $1 45. Kf3 Nf5 46. Kg4 Nd4 47. Kxh4 Nxb3
48. f4 Na5 49. f5 Nxc4 50. f6 Ne5 51. Kg5 c4 52. Kf5 Kd5 $19) 44... Kxb5 45.
Ke2 Nf5 46. Kf3 Kb4 47. Bf4 (47. Bd2+ Kxb3 48. Kg4 Nd4 49. Be3 Kc3 50. f4 Kd3 (
50... c4 51. f5 h3 52. Bf4 (52. Kxh3 Nxf5 53. Bb6 $17) 52... Kd3 53. f6 Ke4 54.
Bd6 Kd5 55. f7 Ne6 56. Bf4 Ke4 57. Bd6 c3 58. Kg3 c2 59. Ba3 $11) 51. Bf2 c4
52. Bxh4 c3 53. f5 $132) 47... Kxb3 48. Kg4 Nd4 49. Kxh4 $2 (49. Be5 $1 Kc2 50.
f4 Nf5 $1 51. Bf6 $1 c4 52. Bxh4 $11) 49... c4 50. Kg4 c3 51. Be3 (51. Bg5 c2
52. Bc1 Kc3 53. f4 Ne2 54. Be3 Kd3 55. Kf3 Nd4+ 56. Kf2 Nb3 $1 $19 {[%cal
Gb3d2]}) 51... Kc4 52. f4 Kd3 53. Bc1 Ke4 $1 {[%cal Yd4e2]} 54. Ba3 Nb5 (54...
c2 55. Bb2 Nf5 56. Kg5 Nd6 57. Bc1) 55. Bc1 Nd4 56. Ba3 Nb5 57. Bc1 Nd6 $1 58.
Ba3 $2 (58. Kg5 $1 c2 59. Kf6 Nf5 60. Ke6 $132) 58... Nc4 59. Bc1 c2 60. Kg5
Ne3 61. Ba3 (61. Kf6 Nf5 62. Ke6 Nd4+ 63. Kd6 Ne2 64. Ba3 $11) 61... Nf5 62.
Bc1 $2 Nd4 $19 63. f5 (63. Bb2 Ne6+ $19) (63. Kf6 Ne2 $19) 63... Nxf5 64. Kg4
Nd4 65. Bb2 Nb3 66. Kg5 Nd2 $1 67. Bc1 Kd3 {[%cal Yd3e2,Ye2d1]} 0-1

[Event "Sofia MTel Masters 1st"]
[Site "Sofia"]
[Date "2005.05.14"]
[Round "3"]
[White "Anand, Viswanathan"]
[Black "Ponomariov, Ruslan"]
[Result "1/2-1/2"]
[WhiteElo "2785"]
[BlackElo "2695"]
[Annotator "Huzman,A"]
[PlyCount "66"]
[EventDate "2005.05.12"]
[EventType "tourn"]
[EventRounds "10"]
[EventCountry "BUL"]
[EventCategory "20"]
[SourceTitle "CBM 107"]
[Source "ChessBase"]
[SourceDate "2005.08.01"]
[SourceVersion "1"]
[SourceVersionDate "2005.08.01"]
[SourceQuality "1"]

1. e4 e5 2. Nf3 Nf6 3. Nxe5 d6 4. Nf3 Nxe4 5. d4 d5 6. Bd3 Nc6 7. O-O Be7 8. c4
Nb4 9. Be2 O-O 10. Nc3 Be6 11. Ne5 Bd6 $5 $146 {[%mdl 8] Very interesting
novelty.Black start to attack Ne5.} 12. a3 (12. f3 Nxc3 (12... Nf6 13. a3 (13.
c5 Bxe5 14. dxe5 Nd7 15. f4 d4 $1 $132) 13... Na6 (13... Nc6 14. Nxc6 bxc6 15.
c5 Be7 16. Bd3 $14) 14. Bg5 (14. f4 c5 15. cxd5 Nxd5 16. f5 cxd4 17. fxe6 Bxe5
18. exf7+ Kh8 19. Nxd5 Qxd5 20. Bxa6 bxa6 21. Qf3 Qd8 22. Bd2 Bf6 $11) 14...
dxc4 15. Nxc4 Be7 16. Na5 $5 (16. Ne5 c5 17. Bxa6 cxd4 18. Bxb7 dxc3 19. Bxa8
Qb6+ 20. Rf2 (20. Kh1 cxb2 21. Rb1 Rxa8 $15) 20... Bc5 21. Qe2 Bxf2+ 22. Qxf2
cxb2 23. Rb1 Rxa8 $11) 16... c5 17. Nxb7 Qb6 18. d5 Bxd5 19. Nxd5 (19. Bxf6 Bb3
$1 20. Qd3 c4+ 21. Qd4 Bxf6 22. Qxb6 axb6 $15) 19... Nxd5 20. Qxd5 Nc7 $1 (
20... Bxg5 21. Qxg5 Qxb7 22. Bc4 $1 $16) 21. Qe5 Bxg5 22. Qxg5 Qxb7 23. Qxc5
Qxb2 24. Bc4 Qb6 $11) (12... c5 $5 13. fxe4 cxd4 14. cxd5 Bxe5 15. dxe6 Qh4 16.
exf7+ Kh8 (16... Rxf7 17. h3 Rxf1+ 18. Kxf1 (18. Bxf1 Rf8 $1 19. Bc4+ Kh8 20.
Ne2 d3 $17) 18... dxc3 19. Qb3+ Kh8 20. Qxb4 cxb2 21. Bxb2 Qf6+ 22. Kg1 Bxb2
23. Qxb7 Re8 $44) 17. h3 dxc3 18. bxc3 Bxc3 19. Bd2 $1 $16) 13. bxc3 Bxe5 $1 (
13... Nc6 14. Nxc6 bxc6 15. c5 Be7 16. Bd3 $16) (13... Na6 14. f4 $36) 14. dxe5
Nc6 15. cxd5 Qxd5 $11) (12. Bf3 $5 f6 13. Nd3 (13. cxd5 Nxc3 14. bxc3 Nxd5 15.
Nd3 c6 16. c4 Ne7 17. c5 Bc7 18. Re1 Bd5 19. Rb1 Qd7 20. Bg4 f5 21. Bg5 Ng6 22.
Bh5 Rae8 $11) 13... Nxc3 14. bxc3 Nxd3 15. Qxd3 c6 (15... dxc4 16. Qe4 Bc8 17.
Be2 $36) 16. cxd5 Bxd5 (16... cxd5 17. Qb5 a6 18. Qxb7) 17. Bxd5+ (17. c4 Bxf3
18. Qxf3 Qd7 $11) 17... cxd5 18. Qb5 Rf7 $11) 12... Bxe5 $1 13. axb4 (13. dxe5
Nxc3 14. bxc3 Nc6 15. cxd5 Qxd5 $11) (13. Nxe4 dxe4 14. dxe5 Nd3 15. Bxd3 exd3
(15... Qxd3 16. Qxd3 exd3 17. b3 a5 18. a4 $11) 16. b3 Qd4 (16... a5 17. a4 $11
) 17. Be3 Qxe5 18. Qxd3 $11) 13... Bf6 $1 {[%cal Yf6d4]} 14. Nxe4 (14. cxd5
Bxd5 (14... Bf5 15. Bd3 Nxc3 (15... Nd6 16. Bf4 Re8 17. Bxd6 Bxd3 18. Bxc7 Qxc7
19. Qxd3 $16) 16. bxc3 Bxd3 17. Qxd3 Qxd5 18. Ra5 $14) 15. Bd3 Re8 (15... Nxc3
16. bxc3 Qd7 17. Re1 Rfe8 $14) 16. Qc2 Nxc3 17. bxc3 (17. Bxh7+ Kh8 18. bxc3 g6
19. Bxg6 fxg6 20. Qxg6 Be4 21. Qh5+ Bh7 $17) 17... g6 18. Bf4 Qd7 19. f3 (19.
c4 Qg4 20. Bg3 Be4 $11) 19... a6 $11) 14... dxe4 15. Be3 (15. d5 Bf5 16. Qb3
Be5 $132 {[%cal Yd8h4]}) 15... c6 $11 {[%cal Yf6d4,Yd8d4]} 16. Qd2 Qd6 17. Rfd1
Rfd8 18. b5 {White try to take initiative on the queen's side by pawn
sacrifice.} (18. Qc2 Qxb4 (18... Bf5 $5 19. Ra5 Qe6 20. d5 cxd5 21. Rdxd5 Rxd5
22. Rxd5 $14) 19. Ra4 Qd6 20. Qxe4 b5 $5 (20... Re8 21. Qf3 Qd7 $11) 21. Ra6 (
21. cxb5 Bb3 $17) 21... bxc4 22. Rxc6 Qd7 $11 23. Bxc4 $140 $2 Bf5 24. Qf3 Bg4
$19) 18... cxb5 19. d5 Bd7 (19... Qc7 20. Qa5 (20. Qb4 Be7 21. Qe1 Bd7 22. c5
$1 Bf6 23. Qb4 a6 24. Bd4 $44) 20... Qxa5 21. Rxa5 Bd7 22. cxb5 Bxb2 23. Rxa7
Rxa7 24. Bxa7 Rc8 $11) 20. c5 Qe7 21. Ra3 (21. Qc2 a6 22. Bf4 Bf5 $11) 21...
Bc6 $1 {Black force the move d6.They hope to blocade pawns of White.} 22. d6
Qe5 23. b4 (23. Bd4 $5 Qxd4 24. Qxd4 Bxd4 25. Rxd4 Kf8 26. f3 exf3 27. Bxf3 a5
(27... Bxf3 28. gxf3 Rac8 29. b4 b6 30. Rd5 Rd7 31. Ra6) 28. Kf2 a4 $11 {
[%csl Rc5]}) 23... Qb2 {It will be easier to blocade pawns of White in the
endgame.} 24. Qxb2 Bxb2 25. Ra5 a6 26. Rb1 (26. Bd4 Bxd4 27. Rxd4 f5 28. f3 Kf7
$11) 26... Be5 27. f4 exf3 28. Bxf3 Rac8 $11 29. Ra3 f6 30. Bg4 Bd7 31. Bf3 Bc6
32. Bg4 Bd7 33. Bf3 Bc6 1/2-1/2

[Event "FIDE-Wch k.o."]
[Site "Moscow"]
[Date "2001.11.29"]
[Round "2.1"]
[White "Grischuk, Alexander"]
[Black "Motylev, Alexander"]
[Result "1/2-1/2"]
[WhiteElo "2666"]
[BlackElo "2641"]
[Annotator "Huzman,A"]
[PlyCount "76"]
[EventDate "2001.11.27"]
[EventType "k.o."]
[EventRounds "7"]
[EventCountry "RUS"]
[SourceTitle "CBM 086"]
[Source "ChessBase"]
[SourceDate "2002.02.05"]
[SourceVersion "1"]
[SourceVersionDate "2002.02.05"]
[SourceQuality "1"]

1. e4 e5 2. Nf3 Nf6 3. Nxe5 d6 4. Nf3 Nxe4 5. d4 d5 6. Bd3 Nc6 7. O-O Be7 8. c4
Nb4 9. Be2 Be6 10. Nc3 O-O 11. Ne5 f6 12. Nf3 Kh8 13. Re1 c5 14. Be3 f5 15. a3
(15. cxd5 Nxc3 16. bxc3 Nxd5 17. Bd2 cxd4 18. Nxd4 Bg8 19. Rb1 Qc7 20. Nb5 Qd7
21. c4 {1/2-1/2 Zvjaginsev,V-Motylev,A/Linares 2001/CBM 81/[Huzman] (21)})
15... f4 (15... Nc6 16. Nxd5 cxd4 (16... Bxd5 17. cxd5 Qxd5 18. dxc5 Qxd1 19.
Raxd1 Bxc5 20. Bxc5 Nxc5 21. b4 Ne4 22. Rd7 $16) 17. Nxd4 Bxd5 18. cxd5 Qxd5
19. Nxc6 Qxc6 (19... bxc6 20. Qc2 $16) 20. Rc1 $16) (15... Nxc3 16. bxc3 Nc6
17. cxd5 Bxd5 18. dxc5 $16) 16. Bd2 (16. Bxf4 $5) (16. Bc1 Nxc3 17. bxc3 Nc6
$132) 16... Nc6 17. Nxe4 (17. cxd5 Bxd5 (17... Nxc3 18. Bxc3 Bxd5 19. dxc5 Bxc5
20. Qc2 Qb6 21. Ng5 Bxf2+ 22. Kh1 Bg8 23. Bc4 $18) 18. Nxd5 (18. Nxe4 Bxe4 19.
Bc3 Bxf3 20. Bxf3 cxd4 $15) 18... Qxd5 19. Bd3 Nxd2 20. Qxd2 cxd4 21. Be4 Qd6
22. Qd3 (22. b4 Bf6 23. b5 Ne5 24. Nxe5 Bxe5 25. Bxb7 Rad8 $11) 22... g6 23.
Bxc6 bxc6 24. Qxd4+ Qxd4 25. Nxd4 Bf6 $11) 17... dxe4 18. d5 Bxd5 (18... exf3
19. Bxf3 $16) 19. cxd5 exf3 (19... Qxd5 20. Bc3 (20. Qc2 exf3 21. Bxf3 Qd7 22.
Bxc6 bxc6 $17 {[%cal Yf4f3]}) 20... Qxd1 21. Raxd1 exf3 22. Bxf3 Bf6 (22...
Rfe8 23. Bxc6 (23. Re4 Bf6 24. Bxf6 gxf6 25. Rxf4 Nd4 26. Kf1 (26. Rxf6 Rad8)
26... Kg7 (26... Rad8 27. Bxb7) 27. b4 Nxf3) 23... bxc6 24. Rd7 Bf6 25. Rxe8+
Rxe8 26. Kf1 $14) 23. Bxf6 (23. Rd7 $5 Rfe8 24. Rxe8+ Rxe8 25. Kf1 (25. h4 $14)
25... Bxc3 26. bxc3 Ne5 27. Rxb7 Nc4 (27... Nxf3 28. gxf3 $14) 28. g3 Nxa3 29.
Rxa7 Nb1 30. Rc7 fxg3 31. hxg3 c4 $11) 23... gxf6 (23... Rxf6 24. Rd7 $16) 24.
Rd7 (24. Bxc6 bxc6 25. Rd7 $36 Rfe8 26. Rxe8+ Rxe8 27. Kf1 Rb8 $11) 24... Ne5
25. Rxb7 Rfb8 26. Rc7 Nxf3+ (26... Rc8 27. Re7 Nxf3+ 28. gxf3 Rab8 29. Rxa7
Rxb2 30. Ree7 $16) 27. gxf3 Rxb2 28. Ree7 $36) 20. dxc6 (20. Bxf3 Nd4 21. Bc3
Bf6 $11) 20... fxe2 21. Qxe2 bxc6 22. Bxf4 Bf6 (22... Rxf4 $5 23. Qxe7 Qd4 24.
Qe3 Rd8 $14) 23. Be5 (23. Rad1 Bd4) 23... Qe7 (23... Bxe5 24. Qxe5 Qd4 25. Re2
Rad8 $132 (25... Rab8 $5)) 24. Bxf6 Qxf6 25. Rac1 Rab8 26. Rc2 h6 $11 27. Qe5
c4 28. h3 Rb3 29. Qxf6 Rxf6 30. Re3 a5 $2 31. Rec3 (31. Rxb3 cxb3 32. Rc3 a4 {
[%cal Yf6d6,Yd6d2]} (32... Rd6 33. Rxb3) 33. Kf1 $1 Rd6 34. Ke2 $16) 31... Rxc3
32. Rxc3 Rd6 $1 33. Rxc4 (33. Rc2 Rd1+ (33... c3 34. b3 $1 (34. Rxc3 Rd1+ 35.
Kh2 Rd2 36. Rxc6 Rxb2 $14) 34... Rd1+ 35. Kh2 Rd3 (35... Rd2 36. Rxc3 Rxf2 37.
Rxc6 Rb2 38. Rc3 $16) 36. f3) 34. Kh2 Rb1 35. Kg3 c3 36. Rxc3 Rxb2 $11) 33...
Rd1+ 34. Kh2 Rd2 35. b3 (35. Rxc6 Rxb2 36. Rc5 Rxf2 37. Rxa5 $14) 35... Rd3 $1
(35... Rxf2 36. Rxc6 Rb2 37. Rc3 $16) 36. a4 Rxb3 37. Rc5 Ra3 38. Rxa5 c5
1/2-1/2

[Event "Sofia MTel Masters 1st"]
[Site "Sofia"]
[Date "2005.05.14"]
[Round "3"]
[White "Adams, Michael"]
[Black "Kramnik, Vladimir"]
[Result "1-0"]
[WhiteElo "2737"]
[BlackElo "2753"]
[Annotator "Huzman,A"]
[PlyCount "81"]
[EventDate "2005.05.12"]
[EventType "tourn"]
[EventRounds "10"]
[EventCountry "BUL"]
[EventCategory "20"]
[SourceTitle "CBM 107"]
[Source "ChessBase"]
[SourceDate "2005.08.01"]
[SourceVersion "1"]
[SourceVersionDate "2005.08.01"]
[SourceQuality "1"]

1. e4 e5 2. Nf3 Nf6 3. Nxe5 d6 4. Nf3 Nxe4 5. d4 d5 6. Bd3 Nc6 7. O-O Be7 8. c4
Nb4 9. Be2 O-O 10. Nc3 Bf5 11. a3 Nxc3 12. bxc3 Nc6 13. Re1 Re8 14. cxd5 Qxd5
15. Bf4 Rac8 16. Bg3 $146 Bf6 (16... Bd6 17. c4 (17. Nd2 Bxg3 18. hxg3 Na5 (
18... Qd6 19. Bf3 $14) 19. Qa4 b6 20. Bf3 Qd8 $11) 17... Qa5 (17... Qe4 18. d5
Bxg3 19. hxg3 Ne5 $11) 18. d5 Ne5 19. Nd4 Bd7 $11) 17. Nd2 Qa5 18. Qc1 Bxd4 $2
{I think that this combination is incorrect and Kramnik missed something in
his calculations.} (18... Bg5 19. f4 (19. Ra2 Bh6 $11) 19... Bf6 20. Nc4 Qa4
21. Ne3 Nxd4 $1 22. Bd1 Qa5 23. cxd4 Bxd4 24. Kh1 Bxa1 25. Qxa1 Rcd8 $15) 19.
cxd4 Nxd4 20. Bc4 $1 (20. Bf1 Rxe1 21. Qxe1 Nc2 22. Qd1 Nxa1 23. Nc4 Qc5 24.
Qxa1 Be6 $15) 20... Nc2 ({Probably Kramnik's idea was to play} 20... Rxe1+ 21.
Qxe1 Nc2 {but Black is losing in the long line} 22. Qe7 $1 Nxa1 23. Bxf7+ Kh8
24. Be5 $3 Qxd2 25. Bxg7+ $1 Kxg7 26. Be8+ Kh6 27. Qf8+ Kg5 28. f4+ $1 Kxf4 (
28... Qxf4 29. Qe7+ Kh6 (29... Kg4 30. h3+ Kg3 31. Qe1+ Qf2+ 32. Qxf2#) 30.
Qf6+ Bg6 31. Qxf4+ $18) (28... Kg4 29. Bh5+ Kxh5 30. Qxf5+ Kh6 31. Qg5#) 29.
Qh6+ Ke5 30. Qxd2 Rxe8 31. Qe2+ $1 Be4 32. Qb5+ $18) 21. Rxe8+ Rxe8 22. Rb1
Re1+ 23. Qxe1 Nxe1 24. Rxe1 $16 {The arising endgame looks very difficult for
Black because White have good chances to decide the game by piece attack.It is
not easy for Black to combine defence of Kg8 with moving their pawns on the
queen's side.} Kf8 (24... Be6 25. Nf3 Qxa3 26. Bxc7 $16) 25. Nf3 f6 (25... Qxa3
$142 26. Bxc7 Qc5 27. Bf4 $16) 26. Rd1 Qc5 27. Bf1 Ke8 28. Nd4 Bd7 29. Rd3 $1
a5 30. h3 b5 31. Nb3 Qxa3 (31... Qb6 32. Rc3 $18) 32. Bxc7 a4 33. Bd6 Qb2 34.
Nc5 a3 $2 (34... Bc6 35. Re3+ Kf7 36. Re7+ Kg6 (36... Kg8 37. Ne6 $18) 37. Ne6
$18) (34... Bc8 $142 35. Re3+ Kd8 $16) 35. Re3+ $1 Kf7 36. Nd3 $1 $18 Qb1 (
36... Qa1 37. Bxa3 $1 $18) 37. Bxa3 Be6 (37... Bf5 38. Re7+ Kg6 39. Nf4+ Kh6
40. Bc5 $18 {[%csl Rh6]}) 38. Nf4 b4 (38... Bc4 39. Re7+ Kg8 40. Re8+ Kf7 41.
Rf8#) 39. Bxb4 Qxb4 40. Nxe6 g6 41. g3 1-0

[Event "Sofia MTel Masters 1st"]
[Site "Sofia"]
[Date "2005.05.19"]
[Round "7"]
[White "Anand, Viswanathan"]
[Black "Kramnik, Vladimir"]
[Result "1-0"]
[WhiteElo "2785"]
[BlackElo "2753"]
[Annotator "Huzman,A"]
[PlyCount "39"]
[EventDate "2005.05.12"]
[EventType "tourn"]
[EventRounds "10"]
[EventCountry "BUL"]
[EventCategory "20"]
[SourceTitle "CBM 107"]
[Source "ChessBase"]
[SourceDate "2005.08.01"]
[SourceVersion "1"]
[SourceVersionDate "2005.08.01"]
[SourceQuality "1"]

1. e4 e5 2. Nf3 Nf6 3. Nxe5 d6 4. Nf3 Nxe4 5. d4 d5 6. Bd3 Nc6 7. O-O Be7 8. c4
Nb4 9. Be2 O-O 10. Nc3 Bf5 11. a3 Nxc3 12. bxc3 Nc6 13. Re1 Re8 14. cxd5 Qxd5
15. Bf4 Rac8 {Mikhail Golubev (www.chesstoday.net): A kind of modern tabia.}
16. Qc1 $146 {[%mdl 8] This interesting move looks very naturally and needs
future tests.} Na5 (16... Be4 17. Qe3 (17. Be3 Qf5 18. Nd2 Bd3 19. Bf3 Bd6 $11)
17... Bg6 18. Bf1 (18. c4 Qf5 19. Qd2 Bd6 20. Be3 $14) 18... Kf8 19. c4 Qf5 20.
Qd2 Bd6 21. Be3 $14) (16... Bd6 $6 17. Be3 $16 {[%cal Gc3c4]}) (16... Bf6 $5
17. Qb2 Na5 18. Ne5 Qb3 $1 (18... Bxe5 19. Bxe5 Nc4 20. Bxc4 Qxc4 21. Qxb7 f6
22. Bf4 Qxc3 23. Qd5+ Kh8 24. Rec1 Qd3 25. Bxc7 $16) 19. Qxb3 Nxb3 20. Ra2 Nc5
$1 $11) 17. c4 Qe4 $4 {[%mdl 8192]} (17... Qd8 18. Qc3 c5 19. d5 Bf6 20. Ne5 $5
(20. Be5 Bxe5 21. Nxe5 f6 $14) 20... b6 21. Bd3 $14) {[%tqu "En","Find how
White can exploit the unprotected position of the black pieces on the fifth
rank.","","","e2d1","",10]} 18. Bd1 $1 Qd3 19. Re3 $1 Qxc4 20. Re5 1-0

[Event "Sofia MTel Masters 1st"]
[Site "Sofia"]
[Date "2005.05.18"]
[Round "6"]
[White "Polgar, Judit"]
[Black "Adams, Michael"]
[Result "1-0"]
[WhiteElo "2732"]
[BlackElo "2737"]
[Annotator "Huzman,A"]
[PlyCount "103"]
[EventDate "2005.05.12"]
[EventType "tourn"]
[EventRounds "10"]
[EventCountry "BUL"]
[EventCategory "20"]
[SourceTitle "CBM 107"]
[Source "ChessBase"]
[SourceDate "2005.08.01"]
[SourceVersion "1"]
[SourceVersionDate "2005.08.01"]
[SourceQuality "1"]

1. e4 e5 2. Nf3 Nf6 3. Nxe5 d6 4. Nf3 Nxe4 5. d4 d5 6. Bd3 Nc6 7. O-O Be7 8. c4
Nb4 9. Be2 O-O 10. a3 Nc6 11. cxd5 Qxd5 12. Nc3 Nxc3 13. bxc3 Na5 14. Re1 Bd6 (
14... Be6 15. Bd3 Qb3 16. Qe2 Rfe8 17. Rb1 Qa4 18. Bb5 {1-0 Semprevivo,
M-Alonso,H/Buenos Aires 2002/EXT 2005 (18)}) (14... Bf6 15. Rb1 c6 16. a4 Bf5
17. Rb2 b6 18. Nd2 Rad8 19. Bf3 Qd7 20. Ne4 Be7 21. Rbe2 Rfe8 $14 {1/2-1/2
Krstic,U-Rade,M/Pula 2001/CBM 84 ext (43)}) 15. Rb1 (15. Be3 b5 16. Ne5 Bb7 17.
Bf3 Qe6 {1/2-1/2 Baklan,V-Nielsen,P/Mainz GER 2004 (17)}) (15. Nd2 Bd7 16. Bf3
Qf5 17. Nf1 (17. Be4 Qg4 18. Bf3 Qg6 19. Nf1 Rae8 20. Ne3 b5 $11 {1/2-1/2
Radjabov,T-Kramnik,V/Linares ESP 2004/(23)}) 17... Rae8 18. Ne3 Qf4 19. g3 Qf6
20. Kg2 b5 21. a4 b4 22. Bd2 Nc6 23. a5 Rb8 24. Be4 $1 bxc3 25. Bxc3 $14 {
1/2-1/2 Nisipeanu,L-Bologan,V/Neum 2004/CBM 102/[Huzman] (30)}) 15... Bd7 (
15... a6 16. Bd3 (16. Nd2 $1 $16 {[%csl Rd5]}) 16... Bf5 17. Bxf5 Qxf5 18. Rb2
Rfe8 19. Rbe2 Kf8 20. a4 Nc4 21. Bg5 h6 22. Bh4 b5 $11 {0-1 Overton,D-Frostick,
C/corr 1993/Megacorr (42)}) 16. Be3 (16. Ne5 Bxe5 17. dxe5 Qxd1 18. Rxd1 Be6
$11) (16. Nd2 Rfe8 17. Bf3 Rxe1+ 18. Qxe1 Qf5 $11) 16... Nc4 17. Nd2 $5 {
White give Black advantage of two bishops.As compensation their pawn centre
becomes stronger.} Nxe3 18. fxe3 Qg5 19. Bf3 Rae8 20. Nc4 (20. Bxb7 Rxe3 21.
Ne4 Qh6 22. Nxd6 cxd6 23. Qd2 Rxe1+ 24. Qxe1 $11) 20... b6 (20... b5 $5 21.
Nxd6 cxd6 $11 {[%csl Rc3][%cal Ye8c8,Yc8c3]}) 21. e4 (21. Nxd6 cxd6 $11) 21...
Bf4 $36 22. Qc2 Re6 {Not many pieces defend Kg1 now and Black start to attack
its position.} (22... b5 23. Na5 (23. Nb2 c5 24. Rbd1 Be6 $15) 23... c5 24. Nb3
) 23. g3 b5 24. Nb2 Bd2 (24... Rf6 $5 25. Kg2 (25. Bg2 Be3+ 26. Kh1 Rh6 27. Bf3
c5 $1 $17) 25... Rh6 {[%cal Yh6h2]} 26. Qf2 Bd2 $17) 25. Re2 Be3+ 26. Kg2 f5 $1
(26... Rg6 27. Qd3 Bf4 28. Kh1 Bd6 29. c4 $36) (26... Rh6 $2 27. h4 $1 Rxh4 28.
Rxe3 $18) 27. h4 $1 Qh6 $6 ({Black missed nice tactical idea} 27... Qg6 $1 28.
Rxe3 (28. exf5 Rxf5 29. g4 Rxf3 $1 30. Qxg6 Rxg6 31. Kxf3 Bxg4+ 32. Kxe3 Re6+
$17) 28... fxe4 $1 (28... f4 29. Rd3 Qxg3+ 30. Kf1 Qxh4 31. Qf2 $16) 29. Bxe4 (
29. Be2 Rf3 $3) 29... Bc6 $1 {[%cal Yc6g2,Yg6c2]} 30. Rbe1 Rxe4 31. Rxe4 Rf4 $3
$40) 28. exf5 Ree8 29. Qb3+ (29. Be4 c5 30. Qd3 Bc1 31. dxc5 Bc6 32. Kh3 Bxe4
33. Rxe4 Qc6 $1 34. Rxe8 (34. Re2 Rxe2 35. Qxe2 Qh1+ 36. Kg4 g6 $1 $44 37. fxg6
$140 h5+ $1 38. Kxh5 Qd5+ 39. Kg4 Qf5#) 34... Qh1+ 35. Kg4 Rxe8 $44) 29... Kh8
30. Qd5 Bxf5 31. Rbe1 Re6 $2 {[%mdl 8192]} ({Black had to escape from a pin by
} 31... Rd8 32. Qc5 (32. Qxb5 Bd2 33. Rd1 Bxc3 34. Qc5 Bxb2 35. Rxb2 $11) 32...
Bc1 $11) 32. Nd1 $1 {Saving Be3 will cost Black a pawn now.} Rd6 33. Qxb5 $16
Bd7 34. Qe5 Bd2 35. Rf1 Rdf6 36. Rff2 Ba4 (36... Bc1 37. Qe7 Bf5 38. Ne3 Bxe3
39. Qxe3 Qxe3 40. Rxe3 Bg4 41. Rf1 h5 42. Be2 $18) 37. Rxd2 Rxf3 38. Ne3 $1
R3f6 39. Qg5 $1 {The endgame will be winning for White because they can
improve position of Kg2 very quickly.} (39. Ng4 Rxf2+ 40. Rxf2 Rxf2+ 41. Nxf2
$18) 39... Rxf2+ 40. Rxf2 Qc6+ 41. d5 Rxf2+ 42. Kxf2 Qd6 (42... Qd7 43. Qe5 $18
) 43. Qf4 $1 Qxf4+ 44. gxf4 Kg8 45. Kf3 Kf7 46. c4 Bd7 47. f5 Kf6 48. Kf4 {
[%cal Ge3g4]} h5 49. c5 c6 (49... Ba4 50. d6 cxd6 51. Nd5+ Kf7 52. cxd6) (49...
Bc8 50. d6 c6 51. Nc4 Bxf5 52. Ne5 $18) 50. Ke4 Be8 51. dxc6 Bxc6+ 52. Nd5+ 1-0